000 006370000a22001930004500
090 _aAR
_b01897
245 1 0 _aDipetalonema (<Alafilaria>) Hydrochoerus subgen. Et sp. N. (<Nematoda: Filarioidea>) from colombian capybaras
650 1 4 _aParasitismo
_993203
650 1 4 _aMamíferos
_992510
650 1 4 _aUso de Fauna
_920626
651 4 _pColombia
_992749
653 _gDipetalonema
653 _gHydrochoerus
_eHydrochoerus hydrochaeris
_vChiguiro
041 0 _aInglés
700 1 _aJorgenson, Jeffrey P.
_917413
100 1 _aYates, Jon A.
_995354
942 _cARTICULO
773 1 _tJournal of Parasitology
_3261
_h3
_q606-609
_d1983
_g69
999 _c10974
_d10974